[Event "World Corporate East C"]
[Site "Chess.com INT"]
[Date "2021.02.20"]
[Round "5.5"]
[White "Nair, Sanjeev"]
[Black "Kishorekumar, V."]
[Result "1-0"]
[WhiteElo "2143"]
[BlackElo "1831"]
[PlyCount "125"]
[EventDate "2021.02.19"]
[EventType "team (rapid)"]
[EventRounds "7"]
[EventCountry "USA"]
[SourceTitle "EXT 2022"]
[Source "ChessBase"]
[SourceDate "2021.10.06"]
[SourceVersion "1"]
[SourceVersionDate "2021.10.06"]
[SourceQuality "1"]
[WhiteTeam "Ernst & Young"]
[BlackTeam "Cognizant Tamil Nadu"]
[WhiteTeamCountry "IND"]
[BlackTeamCountry "IND"]

1. e4 c5 2. Nf3 e6 3. d4 cxd4 4. Nxd4 a6 5. Nc3 Qc7 6. g3 Bb4 7. Nde2 Nf6 8. Bg2 Nc6 9. 0-0 0-0 10. Bf4 d6 11. a3 Bc5 12. b4 e5 13. bxc5 exf4 14. cxd6 Qd8 15. Nxf4 Bg4 16. Qd2 Ne5 17. f3 Bd7 18. Kh1 Bb5 19. Rfd1 Rc8 20. a4 Bc6 21. Qd4 Re8 22. Nd3 Nxd3 23. Rxd3 Nd7 24. Rad1 Re6 25. f4 Qe8 26. h3 Rh6 27. Kh2 Qe6 28. Ne2 b5 29. f5 Qe5 30. Nf4 Qxd4 31. Rxd4 bxa4 32. R1d2 Rd8 33. g4 g5 34. Nd3 Bb5 35. Nb4 Ne5 36. Kg3 Rf6 37. Nd5 Rh6 38. Ne7+ Kf8 39. f6 Rxf6 40. Nf5 Nd7 41. Rd5 Nb6 42. Rc5 Nc4 43. Rd1 Ne3 44. Nxe3 Rfxd6 45. Rxd6 Rxd6 46. Nd5 a3 47. Rc3 a2 48. Ra3 Bc4 49. Nb4 Rd2 50. Nxa2 Rxc2 51. Nb4 Rc1 52. Nxa6 Rg1 53. Nc5 Bf1 54. Ra2 Bc4 55. Rc2 Be6 56. Nxe6+ fxe6 57. Kf2 Rb1 58. e5 Rb5 59. Re2 Ke7 60. Kg3 Rb3+ 61. Bf3 h6 62. Ra2 Rb7 63. Bxb7 1-0